Statistics for Guess the Taylor Swift song with no hints ~21

Click here to take the quiz!

General Stats

  • This quiz has been taken 196 times
  • The average score is 252 of 341

Answer Stats

Answer% Correct
I
100%
a
99%
you
99%
it
97%
the
97%
my
95%
My
95%
And
94%
be
94%
in
94%
to
94%
your
94%
love
92%
me
92%
we
92%
on
91%
like
90%
what
90%
What
90%
of
89%
then
88%
that
87%
don't
86%
So
86%
would
85%
But
83%
as
80%
At
78%
With
78%
could
76%
see
76%
can't
75%
up
74%
out
72%
Cause
71%
from
71%
never
71%
Had
69%
day
66%
gold
66%
feel
65%
Eyes
64%
red
64%
will
64%
Will
64%
rush
63%
into
62%
place
60%
hair
59%
must
59%
wants
59%
beautiful?
58%
Everybody
58%
falling
58%
about
57%
call
57%
face
57%
grow
57%
life
57%
dominoes
56%
touch
56%
die
55%
flush
55%
folklore
55%
jump
55%
pure
55%
quick
55%
shit
55%
Walk
55%
wonders
55%
won't
55%
almost
54%
brush
54%
dream
54%
seen
54%
twinkling
54%
anticipating
53%
motion
53%
ships
53%
town
53%
anyone
52%
dinner
52%
feels
52%
inviting
52%
mind
52%
parties
52%
past
52%
rose
52%
slow
52%
door
51%
old
51%
anymore
50%
contrarian
50%
double
50%
fades
50%
sinking
50%
'til
50%
turns
50%
vision
50%
tea
49%
waters
49%
blush
48%
crush
48%
flying
48%
Gleaming
48%
bone
47%
coastal
47%
dare
47%
gray
47%
hanging
46%
Eagles
45%
T-shirt
45%
wooden
45%
found
44%
floors
42%
across
41%
'round
41%
wandered
39%
padding
38%

Score Distribution

Percentile by Number Answered

Percent of People with Each Score

Your Score History

You have not taken this quiz